Catalog

Record Details

Catalog Search



Wycliffe and the dead flautist  Cover Image Book Book

Wycliffe and the dead flautist / W.J. Burley.

Burley, W. J. (William John) (Author). Burley, W.J. (William John). Dead flautist. (Added Author).

Record details

  • ISBN: 9780752864907
  • ISBN: 0752864904
  • Physical Description: 220 pages ; 18 cm.
  • Publisher: London : Orion, 2005.
Subject: Wycliffe, Charlie (Fictitious character) > Fiction.
Police > England > Cornwall > Fiction.
Genre: Detective and mystery fiction.

LDR 01152nam a2200337 a 4500
001148350
003CONS
00520180904101355.0
008050411s2005 enk 000 1 eng
020 . ‡a9780752864907 ‡q(paperback)
020 . ‡a0752864904 ‡q(paperback)
035 . ‡a(CPomAG)LMN608178
042 . ‡aukblcatcopy
043 . ‡ae-uk-en
08204. ‡a823.914 ‡222
1001 . ‡aBurley, W. J. ‡q(William John)
24510. ‡aWycliffe and the dead flautist / ‡cW.J. Burley.
260 . ‡aLondon : ‡bOrion, ‡c2005.
300 . ‡a220 pages ; ‡c18 cm.
336 . ‡atext ‡btxt ‡2rdacontent
337 . ‡aunmediated ‡bn ‡2rdamedia
338 . ‡avolume ‡bnc ‡2rdacarrier
4901 . ‡aWycliffe ; ‡v17.
650 0. ‡aWycliffe, Charlie (Fictitious character) ‡vFiction.
650 0. ‡aPolice ‡zEngland ‡zCornwall ‡vFiction.
655 7. ‡aDetective and mystery fiction. ‡2lcgft
7001 . ‡aBurley, W.J. ‡q(William John). ‡tDead flautist.
8001 . ‡aBurley, W.J. ‡q(William John). ‡tWycliffe ; ‡v17.
914 . ‡aSCP_kt
959 . ‡i32269001078370 ‡lF Bur ‡aAdult - Fiction ‡tFiction ‡g10.00
852 . ‡p32269001078370 ‡jF Bur ‡gAdult - Fiction ‡cFiction ‡y10.00 ‡bSBPL
901 . ‡a148350 ‡bUnknown ‡c148350 ‡tbiblio

Additional Resources